[Event "American Continental 06th"]
[Site "Sao Paulo"]
[Date "2009.07.29"]
[Round "6"]
[White "De Oliveira, Francemir Barra"]
[Black "Figueiredo, Rodrigo Fraga Leand"]
[Result "0-1"]
[WhiteElo "1861"]
[BlackElo "1709"]
[PlyCount "98"]
[EventDate "2009.07.25"]
[EventType "swiss"]
[EventRounds "11"]
[EventCountry "BRA"]
[SourceTitle "EXT 2022"]
[Source "ChessBase"]
[SourceDate "2021.10.06"]
[SourceVersion "1"]
[SourceVersionDate "2021.10.06"]
[SourceQuality "1"]

1. e4 e6 2. d4 d5 3. Nd2 dxe4 4. Nxe4 Nf6 5. Ng3 b6 6. Bg5 Be7 7. Nf3 h6 8. Bc1 Bb7 9. c3 Nbd7 10. Bd3 c5 11. 0-0 cxd4 12. cxd4 Rc8 13. Qe2 Nd5 14. a3 Bd6 15. Nh5 Bf8 16. Re1 N5f6 17. Ng3 Be7 18. Bd2 0-0 19. h3 Re8 20. Rad1 Bxf3 21. gxf3 Nd5 22. Kh1 Bg5 23. Rg1 Bxd2 24. Qxd2 Qh4 25. Bf1 Nf4 26. Kh2 Nf6 27. Ne4 Nxe4 28. fxe4 Ng6 29. Rg4 Qf6 30. e5 Qf3 31. Bg2 Qb3 32. Be4 Re7 33. Rdg1 Rcc7 34. h4 h5 35. R4g3 Qa4 36. Kh3 Red7 37. Rd3 Rc2 38. Qe3 Rxb2 39. Bxg6 fxg6 40. Rxg6 Qc6 41. Rc3 Qh1+ 42. Kg3 Qg1+ 43. Kh3 Qxg6 44. Rc8+ Kh7 45. a4 Qg4+ 46. Kh2 Qxh4+ 47. Kg2 Qxd4 48. Qe1 Qg4+ 49. Kh2 Rdd2 0-1

[Event "American Continental 06th"]
[Site "Sao Paulo"]
[Date "2009.07.25"]
[Round "1"]
[White "Figueiredo, Rodrigo Fraga Leand"]
[Black "Galati, Mario Augusto"]
[Result "0-1"]
[WhiteElo "1931"]
[BlackElo "2206"]
[PlyCount "78"]
[EventDate "2009.07.25"]
[EventType "swiss"]
[EventRounds "11"]
[EventCountry "BRA"]
[SourceTitle "CBM 132 Extra"]
[Source "ChessBase"]
[SourceDate "2009.11.03"]
[SourceVersion "1"]
[SourceVersionDate "2009.11.03"]
[SourceQuality "1"]

1. d4 d5 2. Bf4 Nf6 3. Nf3 c6 4. c3 e6 5. e3 Be7 6. h3 Nbd7 7. Nbd2 0-0 8. Bd3 b6 9. e4 dxe4 10. Nxe4 Bb7 11. 0-0 Nxe4 12. Bxe4 Nf6 13. Bd3 c5 14. dxc5 Bxc5 15. Be2 Ne4 16. Qc2 Qe7 17. Be5 Rfd8 18. Bd4 Rac8 19. Bxc5 Nxc5 20. Rad1 Be4 21. Qc1 Qf6 22. Rxd8+ Rxd8 23. Rd1 h6 24. Rxd8+ Qxd8 25. Ne1 Qd5 26. b3 Bg6 27. Qf4 Qe4 28. Qb8+ Kh7 29. Kf1 Qb1 30. f3 Qxa2 31. b4 Nd7 32. Qc7 Nf6 33. c4 Qd2 34. Qxa7 Qxb4 35. Qc7 Qb2 36. Nd3 Qa1+ 37. Ne1 Qd4 38. Qb7 Nh5 39. Qc7 e5 0-1